Song of life : (Record no. 41727)

MARC details
000 -LEADER
fixed length control field 00644nam a22001937a 4500
005 - DATE AND TIME OF LATEST TRANSACTION
control field 2010081300000.0
010 ## - LCCN (DPL NO)
LC control number ENG-100344
020 ## - INTERNATIONAL STANDARD BOOK NUMBER
International Standard Book Number 9788170630290
Terms of availability 100.00
035 ## - SYSTEM CONTROL NUMBER
System control number EN-83876
037 ## - SOURCE OF ACQUISITION
Source of stock number/acquisition DBAD/PUB
082 ## - DEWEY DECIMAL CLASSIFICATION NUMBER
Classification number 881
100 ## - MAIN ENTRY--PERSONAL NAME
Personal name Sharma, Kedar Nath
245 ## - TITLE STATEMENT
Title Song of life :
Remainder of title a miscellany of poems /
Statement of responsibility, etc by Kedar Nath Sharma
260 ## - PUBLICATION, DISTRIBUTION, ETC. (IMPRINT)
Place of publication, distribution, etc New Delhi
Name of publisher, distributor, etc Arya Book Depot
Date of publication, distribution, etc 2009
270 ## - ADDRESS
Address 30, Naiwala, Karol Bagh
City New Delhi
Postal code 110005
300 ## - PHYSICAL DESCRIPTION
Extent 112p.
Dimensions 22cm (Hb)
942 ## - ADDED ENTRY ELEMENTS (KOHA)
Source of classification or shelving scheme Dewey Decimal Classification
Item type English Books
Classification part 881
Call number suffix SHA
Holdings
Withdrawn status Lost status Not for loan Collection code Home library Current library Date acquired Source of acquisition Cost, normal purchase price Full call number Barcode Copy number Cost, replacement price Koha item type
    Not For Loan Non-fiction D.B.Act.Division D.B.Act.Division 13/08/2010 DBAD/PUB 100.00 881 SHA EN-83876 1 100.00 English Books

© Delhi Public Library
Hit Counter
free hit counter